Normal view
MARC view
- Humanoider Roboter
Entry Topical Term
001 - CONTROL NUMBER
- control field: 82182
003 - CONTROL NUMBER IDENTIFIER
- control field: NUST
005 - DATE AND TIME OF LATEST TRANSACTION
- control field: 20210907101443.0
008 - FIXED-LENGTH DATA ELEMENTS
- fixed length control field: 210907|| aca||aabn | a|a d
040 ## - CATALOGING SOURCE
- Original cataloging agency: NUST
- Transcribing agency: NUST
150 ## - HEADING--TOPICAL TERM
- Topical term or geographic name entry element: Humanoider Roboter
670 ## - SOURCE DATA FOUND
- Source citation: Work cat.: (NUST)31881: Sendhoff, Bernhard 82175, Creating Brain-like Intelligence :, c2009.
